000 00576nam a2200253Ia 4500
003 OSt
005 20220912145159.0
006 a|||||r|||| 00| 0
007 ta
008 220909b |||||||| |||| 00| 0 eng d
024 _a70616
037 _cTextual
040 _aCSL
_beng
_cCSL
041 _aeng
082 _aG, H72
100 _aWheeler W F
245 0 _aIntermediate biology
250 _a3
260 _aLondon
_c1947
300 _axiv,572p.
_ccm.
650 _aBiology
942 _hG, H72
_cTEXL
_2CC
999 _c25205
_d25205